Preliminares de una teoría de la educación intelectual / (Record no. 19072)

MARC details
000 -LEADER
fixed length control field 00580cam a2200181 a 4500
001 - CONTROL NUMBER
control field e 10001899
003 - CONTROL NUMBER IDENTIFIER
control field DLC
005 - DATE AND TIME OF LATEST TRANSACTION
control field 20260227111154.0
008 - FIXED-LENGTH DATA ELEMENTS--GENERAL INFORMATION
fixed length control field 990601s1903 cl 000 0 spa
010 ## - LIBRARY OF CONGRESS CONTROL NUMBER
LC control number e 10001899
040 ## - CATALOGING SOURCE
Original cataloging agency U.S. Bur. of Ed. Lib.
Transcribing agency NIE
Modifying agency NIE
-- DLC
050 00 - LIBRARY OF CONGRESS CALL NUMBER
Classification number LB775 .R625
Item number A3 1903
100 1# - MAIN ENTRY--PERSONAL NAME
Personal name Rodríguez García, Gerardo.
245 10 - TITLE STATEMENT
Title Preliminares de una teoría de la educación intelectual /
Statement of responsibility, etc. Gerado Rodriguez Garcia.
260 ## - PUBLICATION, DISTRIBUTION, ETC.
Place of publication, distribution, etc. Santiago :
Name of publisher, distributor, etc. Impr. Pap. gaceta de F. López y Hermano,
Date of publication, distribution, etc. 1903.
300 ## - PHYSICAL DESCRIPTION
Extent 320 p. ;
Dimensions 18 cm.
650 #0 - SUBJECT ADDED ENTRY--TOPICAL TERM
Topical term or geographic name entry element Education.

No items available.

Powered by Koha